000 00304nam a22001337a 4500
008 170329b xxu||||| |||| 00| 0 eng d
020 _a0884162044
041 _aeng
080 _a616-053.2
100 _a8
101 _aSHM
245 _aHEMOGLOBINAPATHIES IN CHILDREN
_cSCHWARTZ, E
942 _2udc
_cBK
999 _c8947
_d8947